000 00540nam a2200133 4500
999 _c9090
_d9090
008 180410b ||||| |||| 00| 0 eng d
082 _aDPer 050 Dec 2015-Mar 2016 T48 v186-187
100 _927242
_aSifferlin, Alexandra.
245 _aIt's the little things:
_bnew science shows that these daily choices can help you live better-and longer/
_cAlexandra Sifferlin.
260 _aNew York:
_bTime Inc.,
_c©Dec 2015-Mar 2016.
300 _av187 n6-7, pages 60-64:
_billustrations;
_c27 cm.
650 0 _927243
_aLifestyles
942 _2ddc
_cPER